A la Comisión Política de "Vanguardia Popular"
Պահպանված է:
| Հիմնական հեղինակ: | |
|---|---|
| Ձևաչափ: | Տեքստ |
| Հրապարակվել է: |
San José :
|
| Ցուցիչներ: |
Ավելացրեք ցուցիչ
Չկան պիտակներ, Եղեք առաջինը, ով նշում է այս գրառումը!
|
MARC
| LEADER | 00000 a a2200000 04500 | ||
|---|---|---|---|
| 001 | 14261 | ||
| 003 | |||
| 040 | |||
| 090 | |a 023300 | ||
| 100 | |a Mora Valverde, Manuel | ||
| 245 | |a A la Comisión Política de "Vanguardia Popular" | ||
| 260 | |a San José : | ||
| 300 | |a 14 p. | ||
| 999 | |c 3654 |d 3654 | ||
